Statistiques concernant Equipe de France (CDM22): où ont joué les Bleus?

Cliquez ici pour prendre le quiz!

Statistiques générales

  • Ce quiz a été pris 883 fois
  • Le résultat moyen est 66 sur 92

Statistiques - réponses

JoueurClub% Correct
Paris Saint-Germain
99%
Paris Saint-Germain
99%
Paris Saint-Germain
99%
Paris Saint-Germain
99%
Kylian MbappéParis Saint-Germain
99%
Paris Saint-Germain
99%
Mattéo GuendouziOlympique de Marseille
98%
Olympique de Marseille
98%
Jordan VeretoutOlympique de Marseille
98%
Olympique de Marseille
98%
Olympique de Marseille
98%
Jules KoundéFC Barcelone
96%
Ousmane DembéléFC Barcelone
96%
Real Madrid
96%
Aurélien TchouaméniReal Madrid
96%
Eduardo CamavingaReal Madrid
96%
Real Madrid
96%
Real Madrid
96%
FC Barcelone
95%
Stade Rennais
95%
Steve MandandaStade Rennais
95%
Stade Rennais
95%
Axel DisasiAS Monaco
94%
AS Monaco
94%
Youssouf FofanaAS Monaco
94%
AS Monaco
94%
Benjamin PavardBayern Munich
94%
Lucas HernandezBayern Munich
94%
Dayot UpamecanoBayern Munich
94%
Kingsley ComanBayern Munich
94%
Olivier GiroudAC Milan
93%
Theo HernandezAC Milan
93%
Hugo LlorisTottenham Hotspurs
93%
Arsenal
90%
William SalibaArsenal
90%
Arsenal
90%
Arsenal
90%
Olympique Lyonnais
90%
Antoine GriezmannAtletico Madrid
87%
Adrien RabiotJuventus
87%
Juventus Turin
87%
Atletico Madrid
86%
Atletico Madrid
86%
Atletico Madrid
86%
Chelsea
85%
Raphaël VaraneManchester United
85%
Ibrahima KonatéLiverpool
84%
Borussia Dortmund
78%
FC Nantes
77%
FC Nantes
77%
FC Nantes
77%
OGC Nice
77%
OGC Nice
77%
RC Lens
77%
RC Lens
77%
Girondins de Bordeaux
76%
Girondins de Bordeaux
75%
Alphonse AréolaWest Ham
75%
Montpellier
72%
LOSC Lille
71%
Randal Kolo MuaniEintracht Francfort
69%
FC Séville
66%
Real Sociedad
65%
Real Sociedad
65%
AS Rome
63%
RB Leipzig
63%
RB Leipzig
63%
AS Saint-Étienne
60%
AS Saint-Étienne
60%
VfB Stuttgart
55%
Toulouse FC
46%
Le Havre
45%
Marcus ThuramBorussia Mönchengladbach
43%
Lorient FC
43%
Crystal Palace
38%
Grenoble
36%
RC Strasbourg
33%
FC Sochaux
29%
FC Sochaux
29%
Stade de Reims
29%
Aston Villa
27%
Fulham
27%
Tours FC
27%
Villarreal
25%
EA Guingamp
21%
Fiorentina
21%
SC Bastia
20%
RB Salzbourg
19%
Hertha Berlin
15%
FC Istres
11%
US Boulogne
10%
Deportivo Alavés
9%

Distribution des résultats

Percentile par nombre de réponses

% des personnes avec chaque résultat

Votre développement - résultats

Vous n’avez pas pris ce quiz